LIBRARY ONLINE CATALOGUE

The IVP Bible background commentary : (Record no. 14885)

MARC details
000 -LEADER
fixed length control field 00606cam a22002052 4500
001 - CONTROL NUMBER
control field 0000001545
005 - DATE AND TIME OF LATEST TRANSACTION
control field 20151217161130.0
008 - FIXED-LENGTH DATA ELEMENTS--GENERAL INFORMATION
fixed length control field 070315s xx 000 0 eng d
020 ## - INTERNATIONAL STANDARD BOOK NUMBER
International Standard Book Number 0830814081 :
040 ## - CATALOGING SOURCE
Original cataloging agency KABU
Transcribing agency KABU
050 #0 - LIBRARY OF CONGRESS CALL NUMBER
Classification number BS2341.2
Item number .K44
100 1# - MAIN ENTRY--PERSONAL NAME
Personal name Keener, Craig S.
-- 0000150375
245 14 - TITLE STATEMENT
Title The IVP Bible background commentary :
Remainder of title New Testament.
260 ## - PUBLICATION, DISTRIBUTION, ETC. (IMPRINT)
Place of publication, distribution, etc. Downer Grover :
Name of publisher, distributor, etc. Intervarsity Press,
Date of publication, distribution, etc. 1993.
300 ## - PHYSICAL DESCRIPTION
Extent 831 p.
630 00 - SUBJECT ADDED ENTRY--UNIFORM TITLE
Uniform title Bible. N.T.
General subdivision Commentaries.
-- 0000149244
908 ## - PUT COMMAND PARAMETER (RLIN)
Put command parameter 070315
950 ## - LOCAL HOLDINGS (RLIN)
-- 1
Holdings
Withdrawn status Lost status Source of classification or shelving scheme Not for loan Home library Current library Date acquired Total Checkouts Full call number Barcode Date last seen Price effective from Koha item type
    Library of Congress Classification Not For Loan Kabarak, Main Campus Kabarak, Main Campus 17/12/2015   BS2341.2 .K44 009664 17/12/2015 17/12/2015 Reference